| 000 | 00977nam a2200253Ia 4500 | ||
|---|---|---|---|
| 003 | OSt | ||
| 005 | 20220923223447.0 | ||
| 006 | a|||||r|||| 00| 0 | ||
| 007 | ta | ||
| 008 | 220922b |||||||| |||| 00| 0 hin d | ||
| 024 | _a216,529 | ||
| 037 | _cTextual | ||
| 040 |
_aARTS _cARTS _bhin |
||
| 041 |
_2hin _ahin |
||
| 082 | _aV2:1944Q7.N, 152P3 | ||
| 100 |
_aशास्त्री, प्रकाशवीर; त्यागी, राजेन्द्र, संपा. _9167444 |
||
| 245 | 0 | _aकश्मीर और भारत-पाक संबंध | |
| 246 | _aKashmīr aur bhārata-pāk sanbandha | ||
| 260 |
_aदिल्ली _b अमरसत्य _c2003 |
||
| 300 |
_a280 i` _ccm. |
||
| 650 | _aविश्व-इतिहास | ||
| 942 |
_hV2:1944Q7.N, 152P3 _cTEXL _2CC |
||
| 999 |
_c365464 _d365464 |
||